| 000 | 00555nam a2200181 a 4500 | ||
|---|---|---|---|
| 001 | 000039753 | ||
| 005 | 20240305121310.0 | ||
| 008 | 130718s1997 sp 000 0 spa d | ||
| 020 | _a8470304321 | ||
| 040 |
_aDO-SdBNP _bspa _cBNPHU |
||
| 100 | 1 |
_aMaeztu, Ramiro de, _d1875-1936 _93100 |
|
| 245 | 1 | 0 |
_aHacia otra españa / _cRamiro de Maeztu. |
| 260 |
_aMadrid : _bBiblioteca Nueva, _c1997. |
||
| 300 |
_a223 p. ; _c23 cm. |
||
| 490 | 1 |
_aCien años después _vno. 98 |
|
| 500 | _aIncluye notas al pie de las páginas | ||
| 830 | 0 |
_aCien años después _965946 |
|
| 999 |
_c39243 _d39243 |
||